LEADER 00693nam a2200181 i 4500 001 000000253633 003 CaOOAMICUS 005 20170406000000.0 008 170406s1884 xx u000 u ger u 013 $a232538 040 $aSeMil$bita 245 10$a2. 300 $a1018 p. :$bill. 773 0 $tAllgemeine Geschichte in Einzeldarstellungen.$dBerlin : Grote'sche Verlagsbuchhandlung, 1878.$gAbt.4$w()4432 773 0 $aOncken, Wilhelm <1838-1905>$tZeitalter des Kaisers Wilhelm.$dBerlin : Grote'sche Verlagsbuchhandlung, 1890.$g2$w()4790 850 $aSeMil 852 $aSeMil$W1$xVenegono$y1$m3S V 23 FA$j203979$B203979$CSeMilBibl$Z2$F217411 $8I 996 $6245$a2$9(OLS)http://semarc/title/46889 LEADER 00744nam a2200181 i 4500 001 000000078791 003 CaOOAMICUS 005 20161124000000.0 008 161124s1820 it u000 u ita u 013 $a51028 026 $ataa- sana i-la (1me (3) 1820 (A) 040 $aSeMil$bita 245 10$aTomo 1. 300 $aXIX, [1], 268 p. 773 0 $aGioia, Melchiorre <1767-1829>$tNuovo galateo di Melchiorre Gioja autore del Trattato del merito e delle ricompense ... Tomo 1. [-2.].$bSeconda edizione corretta ed accresciuta.$dMilano : Per Gio. Pirotta in S. Radegonda, 1820.$g1$w()4165 850 $aSeMil 852 $aSeMil$W1$xVenegono$y1$m3N I 34 FA$j44604$B44604$CSeMilBibl$Z2$F46387 $8I 996 $6245$aTomo 1$9(OLS)http://semarc/title/46685